[Event "Verbandsliga MVP 2013-14"]
[Site "MVP"]
[Date "2014.02.23"]
[Round "6.3"]
[White "Helms, Sven"]
[Black "Ruesch, Hans Joachim"]
[Result "0-1"]
[WhiteElo "1907"]
[BlackElo "1984"]
[PlyCount "116"]
[EventDate "2013.??.??"]
[EventType "team-tourn"]
[EventRounds "9"]
[EventCountry "GER"]
[SourceDate "2013.10.20"]
[WhiteTeam "SF Schwerin III"]
[BlackTeam "SF Ostsee Warnemünde"]
[WhiteTeamCountry "GER"]
[BlackTeamCountry "GER"]

1. d4 g6 2. c4 Bg7 3. Nf3 d6 4. e4 Nf6 5. Nc3 O-O 6. h3 e5 7. dxe5 dxe5 8. Qxd8
Rxd8 9. Bg5 Re8 10. O-O-O c6 11. Be2 h6 12. Be3 Nbd7 13. Rd2 Nh5 14. Rhd1 Nf8
15. Bf1 Ne6 16. g3 f5 17. exf5 gxf5 18. g4 f4 19. gxh5 fxe3 20. fxe3 Nc5 21.
Nh4 e4 22. Kc2 Be6 23. b4 Nd3 24. Nxe4 Nxb4+ 25. Kb3 Na6 26. Bd3 b5 27. Nd6
Nc5+ 28. Kc2 bxc4 29. Bxc4 Bxc4 30. Nxc4 Re4 31. Rd8+ Rxd8 32. Rxd8+ Kh7 33.
Nd6 Rxh4 34. Rc8 Rxh3 35. Rc7 Rh2+ 36. Kd1 Rxh5 37. Ne8 Rd5+ 38. Ke2 Rg5 39.
Rxc6 a5 40. Rc7 Ne4 41. Kf3 Nd2+ 42. Ke2 Rg2+ 43. Kd3 Nf3 44. Ke4 Ng5+ 45. Kf5
Rf2+ 46. Kg4 Rf7 47. Rc5 Ra7 48. Kf5 Bf8 49. Nf6+ Kg7 50. Nh5+ Kf7 51. Rc6 a4
52. e4 Ra5+ 53. e5 Nf3 54. Rf6+ Ke7 55. Re6+ Kd8 56. Kf6 a3 57. Nf4 Nxe5 58.
Rxe5 Bg7+ 0-1

[Event "Verbandsliga MVP 2013-14"]
[Site "MVP"]
[Date "2014.02.26"]
[Round "6.4"]
[White "Hamann, Dirk"]
[Black "Andersen, Finn"]
[Result "1-0"]
[WhiteElo "1878"]
[BlackElo "2024"]
[PlyCount "113"]
[EventDate "2013.??.??"]
[EventType "team-tourn"]
[EventRounds "9"]
[EventCountry "GER"]
[SourceDate "2013.10.20"]
[WhiteTeam "SF Ostsee Warnemünde"]
[BlackTeam "SF Schwerin III"]
[WhiteTeamCountry "GER"]
[BlackTeamCountry "GER"]

1. e4 d6 2. Nf3 e5 3. d4 Qe7 4. Nc3 c6 5. dxe5 dxe5 6. Bc4 h6 7. O-O Nf6 8. a4
a5 9. Qd3 Qc7 10. h3 Na6 11. Be3 Be7 12. Bxa6 Rxa6 13. Rfd1 O-O 14. Nh2 Be6 15.
Nf1 Raa8 16. Ng3 Rfd8 17. Qe2 Bf8 18. Qf3 Kh7 19. Nf5 Ne8 20. g4 g6 21. Ng3 Qe7
22. Rxd8 Rxd8 23. Rd1 Rxd1+ 24. Qxd1 Qd6 25. Bb6 Qxd1+ 26. Nxd1 Bb4 27. b3 h5
28. f3 hxg4 29. hxg4 Nf6 30. Nb2 Nd7 31. Be3 Bc5 32. Kf2 f6 33. Nd3 Bxe3+ 34.
Kxe3 Kg7 35. Kd2 Kh6 36. Ke3 b5 37. Ne2 bxa4 38. bxa4 Bc4 39. Nec1 Nb6 40. Nc5
Kg5 41. N1b3 f5 42. gxf5 gxf5 43. Nxa5 f4+ 44. Kf2 Kf6 45. Nxc6 Nxa4 46. Nxa4
Bb5 47. Nxe5 Bxa4 48. Ng4+ Ke6 49. c3 Bd1 50. Nh6 Ke5 51. Nf5 Bc2 52. Nd4 Bxe4
53. fxe4 Kxe4 54. Ke2 Ke5 55. Kd3 Kd5 56. Nf3 Kc5 57. c4 1-0

[Event "Verbandsliga MVP 2013-14"]
[Site "MVP"]
[Date "2014.02.26"]
[Round "6.5"]
[White "Kupfernagel, Michael"]
[Black "Wolke, Heiko"]
[Result "0-1"]
[WhiteElo "1917"]
[BlackElo "1910"]
[PlyCount "80"]
[EventDate "2013.??.??"]
[EventType "team-tourn"]
[EventRounds "9"]
[EventCountry "GER"]
[SourceDate "2013.10.20"]
[WhiteTeam "SF Schwerin III"]
[BlackTeam "SF Ostsee Warnemünde"]
[WhiteTeamCountry "GER"]
[BlackTeamCountry "GER"]

1. d4 c5 2. d5 e6 3. c4 exd5 4. cxd5 d6 5. e4 Nf6 6. Nc3 Be7 7. Bd3 O-O 8. h3
a6 9. a4 Nbd7 10. Nf3 Re8 11. O-O Nf8 12. Bd2 N6d7 13. Qc2 Bf6 14. Rfe1 Ng6 15.
Bf1 Nde5 16. Nxe5 Bxe5 17. Ne2 Qf6 18. Bc3 Bd7 19. Bxe5 Qxe5 20. Nc3 Qg5 21.
Re3 Re5 22. Rg3 Qd8 23. Qd2 Qh4 24. Re1 Rae8 25. Ree3 Qe7 26. Re2 Qh4 27. Ree3
Rg5 28. Rxg5 Qxg5 29. g3 h5 30. Bg2 h4 31. f4 Qh6 32. f5 Ne5 33. Qf2 hxg3 34.
Rxg3 b5 35. axb5 axb5 36. Ne2 Ra8 37. Nf4 Ra1+ 38. Kh2 c4 39. Bf1 b4 40. Qg2
Qxf4 0-1

[Event "Verbandsliga MVP 2013-14"]
[Site "MVP"]
[Date "2014.02.23"]
[Round "6.6"]
[White "Birnbaum, Wolf Dieter"]
[Black "Popp, Michael"]
[Result "1/2-1/2"]
[WhiteElo "1828"]
[BlackElo "1721"]
[Annotator ",Dirk"]
[PlyCount "103"]
[EventDate "2013.??.??"]
[EventType "team-tourn"]
[EventRounds "9"]
[EventCountry "GER"]
[SourceDate "2013.10.20"]
[WhiteTeam "SF Ostsee Warnemünde"]
[BlackTeam "SF Schwerin III"]
[WhiteTeamCountry "GER"]
[BlackTeamCountry "GER"]

1. Nf3 Nf6 2. g3 g6 3. Bg2 Bg7 4. O-O O-O 5. d4 d5 6. c4 c6 7. cxd5 cxd5 8. Nc3
Nc6 9. Ne5 Be6 10. Nxc6 bxc6 11. Na4 Ne4 12. f3 Nd6 13. Nc5 Bc8 14. Qa4 Qb6 15.
e4 e5 16. b4 exd4 17. Bf4 Nb5 18. Qb3 Nc3 19. Kh1 Re8 20. Rae1 a5 21. exd5 Ba6
22. Nxa6 Qxa6 23. d6 Ne2 24. d7 Re7 25. b5 cxb5 26. Qd5 Rd8 27. Rxe2 Rdxd7 28.
Rxe7 Rxd5 29. Re8+ Bf8 30. Bh6 Qd6 31. Rc1 Re5 32. Rxf8+ Qxf8 33. Bxf8 Kxf8 34.
Bf1 b4 35. Kg2 Re3 36. Kf2 Kg7 37. Rd1 Rc3 38. Ke2 Re3+ 39. Kf2 Rc3 40. Rd2 Kf6
41. Bb5 Ke5 42. Ba4 f6 43. Rc2 d3 44. Rxc3 bxc3 45. Ke3 c2 46. Kd2 Kd4 47. Bb5
g5 48. g4 h6 49. Ba6 c1=Q+ 50. Kxc1 Ke3 51. Bb7 Ke2 52. Ba6 {Hier erfolgte
tatsächlich das Remisangebot von Weiß} 1/2-1/2

[Event "Verbandsliga MVP 2013-14"]
[Site "MVP"]
[Date "2014.02.23"]
[Round "6.7"]
[White "Goertz, Frank"]
[Black "Schmidt, Reinhard"]
[Result "1/2-1/2"]
[WhiteElo "1863"]
[BlackElo "1793"]
[PlyCount "36"]
[EventDate "2013.??.??"]
[EventType "team-tourn"]
[EventRounds "9"]
[EventCountry "GER"]
[SourceDate "2013.10.20"]
[WhiteTeam "SF Schwerin III"]
[BlackTeam "SF Ostsee Warnemünde"]
[WhiteTeamCountry "GER"]
[BlackTeamCountry "GER"]

1. e4 c5 2. f4 Nc6 3. Nf3 d5 4. e5 Bg4 5. Bb5 e6 6. Bxc6+ bxc6 7. O-O d4 8. d3
Ne7 9. Nbd2 Nd5 10. Ne4 Be7 11. Qe2 Qd7 12. h3 Bxf3 13. Qxf3 g6 14. c4 Nc7 15.
Rb1 O-O 16. g4 Ne8 17. Qe2 Ng7 18. b3 Qc7 1/2-1/2

[Event "Verbandsliga MVP 2013-14"]
[Site "MVP"]
[Date "2014.02.23"]
[Round "6.8"]
[White "Vladov, Mark"]
[Black "Siegert, Gregor"]
[Result "0-1"]
[WhiteElo "1617"]
[BlackElo "1859"]
[PlyCount "94"]
[EventDate "2013.??.??"]
[EventType "team-tourn"]
[EventRounds "9"]
[EventCountry "GER"]
[SourceDate "2013.10.20"]
[WhiteTeam "SF Ostsee Warnemünde"]
[BlackTeam "SF Schwerin III"]
[WhiteTeamCountry "GER"]
[BlackTeamCountry "GER"]

1. c4 Nf6 2. Nf3 g6 3. Nc3 Bg7 4. d4 O-O 5. g3 d6 6. Bg2 a6 7. a4 Nc6 8. O-O e5
9. dxe5 dxe5 10. Bg5 Qe8 11. Bxf6 Bxf6 12. Nd5 Bd8 13. Qd2 f5 14. Qh6 Qf7 15.
Rfd1 e4 16. Nd4 Nxd4 17. Rxd4 c6 18. Ne3 Bf6 19. Rd2 Be6 20. Rc1 Rad8 21. Rxd8
Rxd8 22. b3 Qe7 23. h4 Qa3 24. Nf1 Qxb3 25. h5 Bf7 26. g4 Qb2 27. gxf5 g5 28.
Re1 Qe5 29. Ne3 Rd6 30. c5 Qxc5 31. Ng4 Qxf5 32. f3 Qc5+ 33. e3 Be7 34. fxe4
Rxh6 35. Nxh6+ Kg7 36. Nf5+ Kf8 37. Rf1 Bf6 38. Kh1 Ke8 39. h6 Kd8 40. Bh3 Qe5
41. Rd1+ Kc7 42. Nd6 Qxd6 43. Rxd6 Kxd6 44. Bf5 Bg6 45. Bxg6 hxg6 46. Kg2 b5
47. a5 b4 0-1

[Event "Verbandsliga MVP 2013-14"]
[Site "MVP"]
[Date "2014.02.23"]
[Round "6.1"]
[White "Schwetlick, Thomas"]
[Black "Seiler, Dirk"]
[Result "0-1"]
[WhiteElo "1846"]
[BlackElo "2105"]
[PlyCount "72"]
[EventDate "2013.??.??"]
[EventType "team-tourn"]
[EventRounds "9"]
[EventCountry "GER"]
[SourceDate "2013.10.20"]
[WhiteTeam "HSG Uni Rostock"]
[BlackTeam "SG Güstrow/Teterow"]
[WhiteTeamCountry "GER"]
[BlackTeamCountry "GER"]

1. e4 c5 2. Nf3 a6 3. d3 Nc6 4. g3 g6 5. Bg2 Bg7 6. O-O d6 7. Nc3 e5 8. a4 Nge7
9. Nd2 O-O 10. Nc4 Be6 11. Ne3 f5 12. exf5 gxf5 13. Ned5 Nxd5 14. Bxd5 Qe8 15.
Bd2 Qf7 16. Bxe6 Qxe6 17. Qh5 Nd4 18. Rac1 b5 19. axb5 axb5 20. Be3 b4 21. Bxd4
cxd4 22. Nb1 f4 23. Nd2 Rf5 24. Qf3 Raf8 25. Qg2 f3 26. Qh1 d5 27. Rfe1 Bh6 28.
Rcd1 Qc6 29. g4 Rf4 30. h3 Qxc2 31. Nf1 Bg7 32. Ng3 e4 33. dxe4 dxe4 34. Nh5 e3
35. Qh2 Be5 36. Ng3 d3 0-1

[Event "Verbandsliga MVP 2013-14"]
[Site "MVP"]
[Date "2014.02.23"]
[Round "6.2"]
[White "Dettmann, Gerd"]
[Black "Moeller, Peter"]
[Result "1/2-1/2"]
[WhiteElo "2088"]
[BlackElo "1965"]
[PlyCount "84"]
[EventDate "2013.??.??"]
[EventType "team-tourn"]
[EventRounds "9"]
[EventCountry "GER"]
[SourceDate "2013.10.20"]
[WhiteTeam "SG Güstrow/Teterow"]
[BlackTeam "HSG Uni Rostock"]
[WhiteTeamCountry "GER"]
[BlackTeamCountry "GER"]

1. e4 c6 2. d4 d5 3. exd5 cxd5 4. Nf3 Nc6 5. Ne5 g6 6. Bb5 Qb6 7. Nc3 Be6 8. a4
a6 9. a5 Qc7 10. Bf4 axb5 11. Nxg6 Qd7 12. Nxh8 Bg7 13. Nxb5 Kf8 14. Nxf7 Bxf7
15. O-O Nf6 16. Re1 Rxa5 17. Rxa5 Nxa5 18. Qe2 Nc4 19. b3 Nd6 20. Qxe7+ Qxe7
21. Bxd6 Qxd6 22. Nxd6 Bg6 23. c4 Ne4 24. Nxe4 Bxe4 25. Rxe4 dxe4 26. d5 Ke7
27. f4 Kd6 28. Kf2 Bd4+ 29. Ke2 b5 30. g4 bxc4 31. bxc4 Kc5 32. g5 Kxc4 33. d6
Kd5 34. d7 Bb6 35. f5 Kd6 36. g6 hxg6 37. fxg6 Ke6 38. h4 Kf6 39. h5 Kg7 40.
Kf1 Kh6 41. Kg2 e3 42. Kf3 Kg7 1/2-1/2

[Event "Verbandsliga MVP 2013-14"]
[Site "MVP"]
[Date "2014.02.23"]
[Round "6.4"]
[White "Dettmann, Holger"]
[Black "Kutschke, Peter"]
[Result "1/2-1/2"]
[WhiteElo "1896"]
[BlackElo "1932"]
[PlyCount "33"]
[EventDate "2013.??.??"]
[EventType "team-tourn"]
[EventRounds "9"]
[EventCountry "GER"]
[SourceDate "2013.10.20"]
[WhiteTeam "SG Güstrow/Teterow"]
[BlackTeam "HSG Uni Rostock"]
[WhiteTeamCountry "GER"]
[BlackTeamCountry "GER"]

1. d4 d5 2. Nc3 Bf5 3. Bf4 e6 4. Qd2 Bd6 5. O-O-O Nf6 6. f3 c6 7. g4 Bg6 8. h4
h5 9. g5 Bxf4 10. Qxf4 Ng8 11. Nh3 Nd7 12. e3 Ne7 13. Bd3 Bxd3 14. cxd3 Qb8 15.
e4 Qxf4+ 16. Nxf4 g6 17. Kb1 1/2-1/2

[Event "Verbandsliga MVP 2013-14"]
[Site "MVP"]
[Date "2014.02.23"]
[Round "6.5"]
[White "Giese, Guido"]
[Black "Kiel, Bernd"]
[Result "1-0"]
[WhiteElo "1899"]
[BlackElo "1909"]
[PlyCount "51"]
[EventDate "2013.??.??"]
[EventType "team-tourn"]
[EventRounds "9"]
[EventCountry "GER"]
[SourceDate "2013.10.20"]
[WhiteTeam "HSG Uni Rostock"]
[BlackTeam "SG Güstrow/Teterow"]
[WhiteTeamCountry "GER"]
[BlackTeamCountry "GER"]

1. e4 d5 2. exd5 Qxd5 3. Nc3 Qa5 4. d4 c6 5. Bc4 Bf5 6. Bd2 e6 7. Nf3 Nf6 8.
Nd5 Qd8 9. Nxf6+ Qxf6 10. Qe2 Nd7 11. O-O-O Bd6 12. Bg5 Qg6 13. h4 Qh5 14. d5
cxd5 15. Rxd5 h6 16. Rxf5 hxg5 17. Bxe6 O-O-O 18. Rxf7 g4 19. Qc4+ Kb8 20. Bxg4
Qh6+ 21. Kb1 Nc5 22. Ng5 Qxg5 23. b4 Na4 24. Bf3 Bc5 25. Rxb7+ Kc8 26. Qe6+ 1-0

[Event "Verbandsliga MVP 2013-14"]
[Site "MVP"]
[Date "2014.02.23"]
[Round "6.6"]
[White "Fidorra, Thomas"]
[Black "Sager, Bernd"]
[Result "0-1"]
[WhiteElo "1847"]
[BlackElo "1734"]
[PlyCount "44"]
[EventDate "2013.??.??"]
[EventType "team-tourn"]
[EventRounds "9"]
[EventCountry "GER"]
[SourceDate "2013.10.20"]
[WhiteTeam "SG Güstrow/Teterow"]
[BlackTeam "HSG Uni Rostock"]
[WhiteTeamCountry "GER"]
[BlackTeamCountry "GER"]

1. e4 c5 2. Nf3 d6 3. d4 cxd4 4. Nxd4 Nf6 5. Nc3 a6 6. Be2 e6 7. O-O Be7 8. Be3
O-O 9. f4 Qc7 10. Qe1 b5 11. Bf3 Bb7 12. e5 Ne8 13. Qg3 Nd7 14. Bxb7 Qxb7 15.
Qg4 Nc5 16. Rf3 b4 17. Nce2 Qd5 18. Raf1 f5 19. Qh5 g6 20. Qh6 Rf7 21. h4 Bf8
22. Qg5 Ne4 0-1

[Event "Verbandsliga MVP 2013-14"]
[Site "MVP"]
[Date "2014.02.23"]
[Round "6.7"]
[White "Schroeder, Christian"]
[Black "Ramp, Oliver"]
[Result "1-0"]
[WhiteElo "1879"]
[BlackElo "1808"]
[PlyCount "113"]
[EventDate "2013.??.??"]
[EventType "team-tourn"]
[EventRounds "9"]
[EventCountry "GER"]
[SourceDate "2013.10.20"]
[WhiteTeam "HSG Uni Rostock"]
[BlackTeam "SG Güstrow/Teterow"]
[WhiteTeamCountry "GER"]
[BlackTeamCountry "GER"]

1. c4 e5 2. g3 Nf6 3. Bg2 d5 4. cxd5 Nxd5 5. Nc3 Nb6 6. d3 Nc6 7. Nf3 Be7 8.
O-O Be6 9. Be3 O-O 10. Qd2 Qd7 11. Ng5 Bxg5 12. Bxg5 Bh3 13. Be3 Bxg2 14. Kxg2
Rad8 15. Bc5 Rfe8 16. Bxb6 axb6 17. f3 f5 18. Qd1 Nd4 19. e3 Ne6 20. Qb3 Kh8
21. Rad1 Nc5 22. Qc2 Nxd3 23. e4 f4 24. Nd5 c6 25. Rxd3 cxd5 26. Rxd5 Qf7 27.
Rfd1 Rc8 28. Qxc8 Rxc8 29. Rd8+ Qg8 30. Rxg8+ Kxg8 31. Rd2 Kf7 32. gxf4 exf4
33. Kh3 Ke6 34. Kg4 Rf8 35. Rd5 Rf6 36. Rb5 Ke7 37. Rf5 Rg6+ 38. Kxf4 Rg2 39.
Rb5 Rxh2 40. Rxb6 h5 41. Rxb7+ Kf6 42. e5+ Ke6 43. Rb6+ Kf7 44. Kg3 Re2 45. f4
Re4 46. b4 h4+ 47. Kxh4 Rxf4+ 48. Kg5 Re4 49. Kf5 Re2 50. Rb7+ Kf8 51. Ke6 g5
52. Kf5 Rxa2 53. Kxg5 Rg2+ 54. Kf6 Rf2+ 55. Ke6 Rh2 56. Rb8+ Kg7 57. b5 1-0

[Event "Verbandsliga MVP 2013-14"]
[Site "MVP"]
[Date "2014.02.23"]
[Round "6.8"]
[White "Dettmann, Uwe"]
[Black "Hantel, Thomas"]
[Result "1/2-1/2"]
[WhiteElo "1809"]
[BlackElo "1661"]
[PlyCount "24"]
[EventDate "2013.??.??"]
[EventType "team-tourn"]
[EventRounds "9"]
[EventCountry "GER"]
[SourceDate "2013.10.20"]
[WhiteTeam "SG Güstrow/Teterow"]
[BlackTeam "HSG Uni Rostock"]
[WhiteTeamCountry "GER"]
[BlackTeamCountry "GER"]

1. d4 d5 2. Nf3 Nf6 3. e3 e6 4. c4 Be7 5. Nc3 O-O 6. b3 c6 7. Be2 Ne4 8. Nxe4
dxe4 9. Nd2 f5 10. O-O Nd7 11. Bb2 Nf6 12. Qc2 Qc7 1/2-1/2

[Event "Verbandsliga MVP 2013-14"]
[Site "MVP"]
[Date "2014.03.16"]
[Round "7.1"]
[White "Seiler, Dirk"]
[Black "Mehl, Ronald"]
[Result "1/2-1/2"]
[WhiteElo "2105"]
[BlackElo "2081"]
[PlyCount "125"]
[EventDate "2013.??.??"]
[EventType "team-tourn"]
[EventRounds "9"]
[EventCountry "GER"]
[SourceDate "2013.10.20"]
[WhiteTeam "SG Güstrow/Teterow"]
[BlackTeam "FHSG Stralsund"]
[WhiteTeamCountry "GER"]
[BlackTeamCountry "GER"]

1. d4 Nf6 2. Nf3 e6 3. Bg5 Be7 4. Nbd2 d5 5. e3 O-O 6. Bd3 Nbd7 7. c3 b6 8. Ne5
Bb7 9. Qa4 h6 10. Bf4 Nxe5 11. dxe5 Nd7 12. Qd1 Nc5 13. Bc2 Ba6 14. Nf3 c6 15.
Nd4 Rc8 16. Qg4 Bg5 17. O-O-O Bxf4 18. exf4 Nd7 19. h4 Re8 20. Rh3 Qe7 21. Rg3
Qf8 22. Re1 (22. Nf5 $1) 22... c5 23. Nf5 exf5 24. Qxf5 Nf6 25. Qxf6 Re6 26.
Qf5 g6 27. h5 Rcc6 28. Qh3 Bc8 29. f5 Re7 30. Qh4 (30. hxg6 fxg6 31. e6 g5 32.
Kb1) 30... g5 31. f4 f6 32. Qh1 Bxf5 33. Bxf5 fxe5 34. fxg5 (34. Bc2 exf4 35.
Rd3 $18) 34... Qxf5 35. Rf1 Qe4 36. gxh6+ Kh7 37. Qh3 d4 38. Rg7+ Rxg7 39. hxg7
Kxg7 40. Qd7+ Kh6 41. Qf7 Qxg2 42. Qf8+ Qg7 43. Qf3 Re6 44. Qe4 {(=)} Qg5+ 45.
Kc2 Rf6 46. Re1 Qf5 47. Kd3 Qxe4+ (47... Qh3+ 48. Kc2 Rf2+ 49. Kb3 Qe6+ 50. Ka3
b5) 48. Kxe4 Rf2 49. Kxe5 dxc3 (49... d3 50. Rd1 Rxb2 51. Rxd3 Kxh5 52. Rg3
Rxa2) 50. bxc3 Rxa2 51. Kd5 Rb2 52. Rd1 {(=)} a5 53. Rh1 Rb3 54. Kc4 Rb2 55.
Kd5 Rc2 56. Kc4 Rd2 57. Rb1 Rd6 58. Rh1 Kg5 59. Kb5 Rh6 60. Rh2 Kg4 61. Rh1 Kg3
62. Rd1 Kh4 63. Rh1+ 1/2-1/2

[Event "Verbandsliga MVP 2013-14"]
[Site "MVP"]
[Date "2014.03.16"]
[Round "7.2"]
[White "Hubert, Peter"]
[Black "Dettmann, Gerd"]
[Result "0-1"]
[WhiteElo "1992"]
[BlackElo "2088"]
[PlyCount "132"]
[EventDate "2013.??.??"]
[EventType "team-tourn"]
[EventRounds "9"]
[EventCountry "GER"]
[SourceDate "2013.10.20"]
[WhiteTeam "FHSG Stralsund"]
[BlackTeam "SG Güstrow/Teterow"]
[WhiteTeamCountry "GER"]
[BlackTeamCountry "GER"]

1. c4 e5 2. Nc3 Nf6 3. g3 d5 4. cxd5 Nxd5 5. Bg2 Nb6 6. Nf3 Nc6 7. O-O Be7 8.
d3 Be6 9. Be3 O-O 10. Ne4 Bf5 11. Nc5 Bxc5 12. Bxc5 Re8 13. Nd2 Qd7 14. Re1
Rad8 15. Qc2 Bh3 16. Bh1 Be6 17. Rac1 Bd5 18. Bxd5 Nxd5 19. Nf3 Re6 20. Red1 (
20. e4 $11) 20... b6 21. Be3 Ncb4 22. Qb1 Nxe3 23. fxe3 Nd5 24. e4 Ne3 25. Re1
Rf6 26. Kf2 Ng4+ 27. Kg2 Rh6 (27... c5 $19) 28. h3 Nh2 29. g4 $2 (29. Ng1 $18)
29... Nxf3 30. exf3 Rd6 31. Red1 h5 32. Rc3 c5 33. b4 cxb4 34. Qxb4 Qe6 35. Qb2
Rd4 36. Qc2 Qd7 37. gxh5 Qe7 38. Qf2 Qg5+ 39. Qg3 Qxh5 40. Qg4 Qh6 41. Rc8 Qe3
42. f4 exf4 43. Rxd8+ Rxd8 44. Qf3 Rc8 45. Qxe3 fxe3 46. Kf3 Rc2 47. Kxe3 Rxa2
48. Kd4 Rc2 49. Kd5 Kf8 50. Kd6 Rc3 51. e5 b5 52. d4 Rxh3 53. d5 b4 54. Ra1 Ra3
55. Rc1 Rc3 56. Ra1 Ra3 57. Rc1 g5 58. Rc8+ Kg7 59. Rb8 a5 60. Rb7 Kg6 61. Rb8
Rd3 62. Rg8+ Kf5 63. Ra8 g4 64. Rxa5 g3 65. Ra7 g2 66. Rxf7+ Kg6 0-1

[Event "Verbandsliga MVP 2013-14"]
[Site "MVP"]
[Date "2014.03.16"]
[Round "7.4"]
[White "Kohn, Thomas"]
[Black "Luther, Alexander"]
[Result "1/2-1/2"]
[WhiteElo "1875"]
[BlackElo "1907"]
[PlyCount "131"]
[EventDate "2013.??.??"]
[EventType "team-tourn"]
[EventRounds "9"]
[EventCountry "GER"]
[SourceDate "2013.10.20"]
[WhiteTeam "FHSG Stralsund"]
[BlackTeam "SG Güstrow/Teterow"]
[WhiteTeamCountry "GER"]
[BlackTeamCountry "GER"]

1. Nf3 c5 2. g3 g6 3. Bg2 Bg7 4. c4 Nc6 5. Nc3 e5 6. d3 Nge7 7. Be3 d6 8. O-O
O-O 9. Qc1 Re8 10. Rb1 Bg4 11. h3 Be6 12. Ng5 Bc8 13. Nd5 Nf5 14. Bd2 Nfd4 15.
Re1 h6 16. Ne4 f5 17. Nec3 Kh7 18. b4 Rf8 19. b5 Ne7 20. Nxe7 Qxe7 21. Nd5 Qf7
22. e3 Ne6 23. a4 e4 24. dxe4 fxe4 25. Nf4 Ng5 26. Qc2 Be5 27. Rbd1 Nf3+ 28.
Bxf3 exf3 29. Bc3 Bxf4 30. exf4 Bf5 31. Qd2 Rad8 32. g4 Be6 33. Qe3 (33. Re4
$18) 33... Bxc4 34. Qxf3 d5 35. Be5 d4 36. Qa3 Qd5 37. Rd2 b6 38. Qg3 Rde8 39.
Qg2 Qxg2+ 40. Kxg2 Rxf4 41. Bxf4 Rxe1 42. Bb8 Re7 43. Bd6 Re6 44. Bb8 Bb3 45.
f4 Re7 46. Rb2 c4 47. Be5 d3 48. Kf2 g5 49. Ke3 gxf4+ 50. Kxf4 Bc2 51. Bc3 Re2
52. Kf3 Rh2 (52... d2 $1 53. Bxd2 (53. Rxc2 d1=Q 54. Rxe2 Qf1+ 55. Ke3 Qxh3+)
53... Rxd2 54. Ke3 Rd3+) 53. Ke3 Rxh3+ 54. Kd4 Bb3 55. Rg2 Kg6 56. a5 Rf3 57.
Bd2 Rf7 58. Rh2 Rd7+ 59. Kc3 Rh7 60. axb6 axb6 61. Be3 h5 62. Rxh5 Rxh5 63.
gxh5+ Kxh5 64. Bxb6 Ba4 65. Be3 Bxb5 66. Kd2 1/2-1/2

[Event "Verbandsliga MVP 2013-14"]
[Site "MVP"]
[Date "2014.03.16"]
[Round "7.5"]
[White "Dettmann, Holger"]
[Black "Manke, Karsten"]
[Result "1/2-1/2"]
[WhiteElo "1896"]
[BlackElo "1751"]
[PlyCount "63"]
[EventDate "2013.??.??"]
[EventType "team-tourn"]
[EventRounds "9"]
[EventCountry "GER"]
[SourceDate "2013.10.20"]
[WhiteTeam "SG Güstrow/Teterow"]
[BlackTeam "FHSG Stralsund"]
[WhiteTeamCountry "GER"]
[BlackTeamCountry "GER"]

1. d4 Nf6 2. Nc3 d5 3. Bf4 c6 4. Qd2 Bf5 5. f3 e6 6. g4 Bg6 7. e3 Bb4 8. Bd3
Nbd7 9. Nge2 Qe7 10. h4 e5 11. dxe5 Nxe5 12. Bxe5 Qxe5 13. g5 Bxd3 14. cxd3 Nh5
15. f4 Qe7 16. O-O-O O-O-O 17. Rh3 Rhe8 18. a3 Ba5 19. b4 Bb6 20. d4 Qe6 21.
Rf3 Qg4 22. Rdf1 Qe6 23. Na4 f5 24. Nec3 g6 25. Kb2 Ng7 26. Rh3 Nh5 27. Ra1 Qd6
28. Qd3 Re7 29. Nc5 Rde8 30. a4 a5 31. Nb3 Qxb4 32. Rc1 1/2-1/2

[Event "Verbandsliga MVP 2013-14"]
[Site "MVP"]
[Date "2014.03.16"]
[Round "7.6"]
[White "Giese, Lothar"]
[Black "Kiel, Bernd"]
[Result "0-1"]
[WhiteElo "1782"]
[BlackElo "1909"]
[PlyCount "56"]
[EventDate "2013.??.??"]
[EventType "team-tourn"]
[EventRounds "9"]
[EventCountry "GER"]
[SourceDate "2013.10.20"]
[WhiteTeam "FHSG Stralsund"]
[BlackTeam "SG Güstrow/Teterow"]
[WhiteTeamCountry "GER"]
[BlackTeamCountry "GER"]

1. c4 Nf6 2. Nc3 d5 3. cxd5 Nxd5 4. e4 Nxc3 5. bxc3 g6 6. d4 Bg7 7. Qc2 c5 8.
d5 O-O 9. Be3 Qa5 10. Rc1 e6 11. Bd2 exd5 12. c4 Qd8 13. cxd5 Re8 14. Be3 Nd7
15. Nf3 Nf6 16. Bd3 b5 17. Nd2 (17. Qxc5 Nxe4 18. Bxe4 Rxe4 19. O-O $11) 17...
c4 18. Be2 c3 19. Qxc3 Nxe4 20. Qb4 a5 21. Qb3 Nxd2 22. Bxd2 a4 23. Qf3 Bb7 24.
Rc5 Qe7 25. Be3 b4 26. O-O b3 27. axb3 a3 28. Qf4 Qe5 {ZÜ} 0-1

[Event "Verbandsliga MVP 2013-14"]
[Site "MVP"]
[Date "2014.03.16"]
[Round "7.7"]
[White "Fidorra, Thomas"]
[Black "Klepin, Wilfried"]
[Result "1-0"]
[WhiteElo "1847"]
[BlackElo "1822"]
[PlyCount "91"]
[EventDate "2013.??.??"]
[EventType "team-tourn"]
[EventRounds "9"]
[EventCountry "GER"]
[SourceDate "2013.10.20"]
[WhiteTeam "SG Güstrow/Teterow"]
[BlackTeam "FHSG Stralsund"]
[WhiteTeamCountry "GER"]
[BlackTeamCountry "GER"]

1. e4 d5 2. exd5 Qxd5 3. Nc3 Qa5 4. d4 c6 5. Bc4 Nf6 6. Qe2 Bf5 7. Bd2 Qb6 8.
O-O-O e6 9. f3 Bb4 10. g4 Bg6 11. Na4 Bxd2+ 12. Rxd2 Qc7 13. Nc5 Nbd7 14. h4
Nxc5 15. dxc5 h5 16. g5 Nd5 17. Bxd5 cxd5 18. Rxd5 O-O 19. Re5 Rac8 (19... Qa5)
20. b4 Bf5 (20... a5 21. Nh3 axb4 22. Nf4 Bf5 23. g6 Qa5 24. Qc4 Qa3+ 25. Kb1
Qxf3 $19) 21. Nh3 Qd7 22. Qe3 a5 23. Nf4 g6 24. Rd1 Qb5 25. Rxf5 exf5 26. Nd5
Rc6 (26... axb4 27. Nf6+ Kh8 28. Nd7 (28. Qe5 Qxc5) 28... Rg8 29. Qe5+ Rg7 $11)
27. Ne7+ Kh7 28. Nxc6 bxc6 {(=)} 29. Qe7 Kg8 30. Rd8 Rxd8 31. Qxd8+ Kg7 32.
Qxa5 Qf1+ 33. Kb2 Qxf3 34. b5 cxb5 35. Qc3+ Qxc3+ 36. Kxc3 Kf8 37. a3 Ke7 38.
Kd4 Kd7 39. c4 bxc4 40. Kxc4 Kc6 41. Kd4 Kd7 42. Kd5 Kc7 43. a4 Kb7 44. a5 Kb8
45. c6 Kc7 46. a6 1-0

[Event "Verbandsliga MVP 2013-14"]
[Site "MVP"]
[Date "2014.03.16"]
[Round "7.1"]
[White "Hornych, Christoph"]
[Black "Weber, Max"]
[Result "0-1"]
[WhiteElo "2061"]
[BlackElo "2097"]
[PlyCount "48"]
[EventDate "2013.??.??"]
[EventType "team-tourn"]
[EventRounds "9"]
[EventCountry "GER"]
[SourceDate "2013.10.20"]
[WhiteTeam "SF Ostsee Warnemünde"]
[BlackTeam "SSC Rostock 07 II"]
[WhiteTeamCountry "GER"]
[BlackTeamCountry "GER"]

1. e4 c5 2. Nf3 e6 3. c4 Nc6 4. Nc3 Nf6 5. d4 cxd4 6. Nxd4 Bb4 7. f3 d5 8. exd5
exd5 9. Qa4 Qe7+ 10. Be2 O-O 11. Nxc6 bxc6 12. a3 Bc5 13. Bg5 Rb8 14. O-O-O
Be3+ 15. Bxe3 Qxe3+ 16. Rd2 Rxb2 17. Kxb2 Qxd2+ 18. Qc2 Qg5 19. g4 Be6 20. h4
Qe5 21. Ka2 dxc4 22. Rc1 Rb8 23. h5 Rb3 24. Qd2 Qa5 0-1